000 01065nam a22002657a 4500
001 BD-DhSAU 8706
003 BD-DhSAU
005 20181213115108.0
008 150613b2008 bg a||||r|||| 000 0 eng d
040 _aBD-DhSAU
082 _222
_a595.7
_bM2967
100 _aMallik, MD. Badal
_eRegistration No. # 07-02607
245 _aStudy on the effficacy of botanicals and some selected pesticides on pest complex of chili (capsicum frutescens)
_bMS thesis
_cby Md. Badal Mallik
260 _aSher-e- Bangla Agricultural University :
_bDepartment of Entomology,
_c2008.
300 _axii, 77 p. :
_bill. ;
_c30 cm.
500 _aMS thesis of Department of Entomology, Faculty of Agriculture, Sher-e-Bangla Agricultural University, Dhaka, Bangladesh
590 _ajoy
650 _aEntomology.
650 _aChili
650 _aCapsicum frutescens
700 _aRahman, Md. Mizanur
_eSupervisor
700 _aBegum, Jahanara
_eCo-Supervisor
856 _uhttp://archive.saulibrary.edu.bd:8080/xmlui/handle/123456789/1225
942 _2ddc
_cTHESIS
999 _c8706
_d8706